000
00309nam a22001337a 4500
008
180924b xxu||||| |||| 00| 0 eng d
020
_a
49748
041
_a
eng
080
_a
721
100
_a
44
101
_a
NDE
245
_a
Construction Planning, Equipment and Methods
_c
Peurifoy, R.L
942
_2
udc
_c
BK
999
_c
48371
_d
48371